British Birds by Colour - White - Statistics

General Stats
  • This quiz has been taken 11 times
  • The average score is 12 of 14
Answer Stats
Picture Hint Answer % Correct
Recurvirostra avosetta Avocet
100%
Platalea leucorodia Eurasian Spoonbill
100%
Ardea alba Great White Egret
100%
Egretta garzetta Little Egret
100%
Cygnus olor Mute Swan
100%
Ardea ibis Western Cattle Egret
100%
Ciconia ciconia White Stork
100%
Mergellus albellus Smew
83%
Plectrophenax nivalis Snow Bunting
83%
Anser caerulescens Snow Goose
83%
Bubo scandiacus Snowy Owl
83%
Pagophila eburnea Ivory Gull
50%
Anser rossii Ross's Goose
50%
Egretta thula Snowy Egret
50%
No matching quizzes found
Score Distribution
Percent of People with Each Score
Percentile by Number Answered
Your Score History
You have not taken this quiz